[Event "Druzynowe Mistrzostwa Polski Niewidomych i Slabowidzacych w Szachach"]
[Site "Wielspin Wagrowiec"]
[Date "1899-12-30"]
[Round "4.9"]
[White "Stachanczyk, Jacek"]
[Black "Wodas, Pawel"]
[Result "1-0"]
[WhiteTitle "IM"]
[BlackTitle "I"]
[WhiteElo "2188"]
[BlackElo "1793"]

1. e4 c5 2. Nf3 e6 3. d4 cxd4 4. Nxd4 a6 5. Nc3 Qc7 6. Qf3 b5 7. Bf4 e5 8. Nd5
Qa5+ 9. Bd2 Qd8 10. Qg3 d6 11. Nb3 Nc6 12. a4 bxa4 13. Rxa4 Bb7 14. Na5 Qb8 15.
Qb3 Nxa5 16. Rxa5 Ne7 17. Nb6 Nc6 18. Ra4 Ra7 19. Bc4 Qc7 20. Be3 Nd4 21. Bxd4
exd4 22. O-O g6 23. Bb5+ Bc6 24. Nd5 1-0

[Event "Druzynowe Mistrzostwa Polski Niewidomych i Slabowidzacych w Szachach"]
[Site "Wielspin Wagrowiec"]
[Date "1899-12-30"]
[Round "4.10"]
[White "Kopiec, Miroslaw"]
[Black "Dukaczewski, Piotr"]
[Result "0-1"]
[WhiteTitle "II+"]
[BlackTitle "IM"]
[WhiteElo "1705"]
[BlackElo "2229"]

1. e4 e5 2. Nf3 Nc6 3. Bb5 Nf6 4. Nc3 Bb4 5. d3 d6 6. Bd2 O-O 7. O-O Ne7 8. Bc4
c6 9. a3 Ba5 10. Ne2 Bc7 11. Bg5 d5 12. Bxf6 gxf6 13. Bb3 f5 14. Nc3 Kh8 15. Kh1
d4 16. Ne2 fxe4 17. dxe4 f5 18. Nd2 fxe4 19. Nxe4 Ng6 20. N2g3 Nf4 21. Nh5 Qe7
22. Nxf4 Rxf4 23. f3 b6 24. Rf2 Bb7 25. g3 Rff8 26. Bc4 c5 27. Bd3 c4 28. b3 cxd3
29. cxd3 Bxe4 30. dxe4 Bd6 31. b4 Rac8 32. Rc1 Qd7 33. Kg2 Rxc1 34. Qxc1 Rc8 35.
Qg5 Qe7 36. Qf5 Rc3 37. h4 d3 38. f4 Rc2 39. Rxc2 dxc2 40. Qc8+ Kg7 41. Qxc2 exf4
42. gxf4 Bxf4 43. Kf3 Qf6 44. Kg4 h5+ 45. Kh3 Qe6+ 46. Kg2 Qg4+ 47. Kf1 Qh3+ 48.
Kg1 Be3+ 0-1

[Event "Druzynowe Mistrzostwa Polski Niewidomych i Slabowidzacych w Szachach"]
[Site "Wielspin Wagrowiec"]
[Date "1899-12-30"]
[Round "4.11"]
[White "Wolanski, Michal"]
[Black "Szydlowski, Wiktor"]
[Result "1/2-1/2"]
[WhiteTitle "I++"]
[BlackTitle "I"]
[WhiteElo "1876"]
[BlackElo "1724"]

1. c4 e5 2. g3 Nf6 3. Bg2 Bc5 4. e3 Nc6 5. Ne2 O-O 6. Nbc3 a6 7. O-O d6 8. a3 Be6
9. Nd5 Bg4 10. b4 Ba7 11. Bb2 Nxd5 12. cxd5 Ne7 13. Rc1 f5 14. Qe1 Qd7 15. d4
e4 16. Nf4 Rac8 17. h3 Bf3 18. Bxf3 exf3 19. Qd1 g5 20. Ne6 g4 21. Nxf8 Rxf8 22.
Qb3 Ng6 23. Kh2 Qg7 24. Rh1 gxh3 25. Qd1 f4 26. Qxf3 fxe3 27. Qxe3 Ne5 28. Kg1
Ng4 29. Qe6+ Kh8 30. Rf1 Nxf2 31. Rxh3 Nxh3+ 32. Qxh3 Bxd4+ 33. Bxd4 1/2-1/2

[Event "Druzynowe Mistrzostwa Polski Niewidomych i Slabowidzacych w Szachach"]
[Site "Wielspin Wagrowiec"]
[Date "1899-12-30"]
[Round "4.12"]
[White "Grzywacz, Ryszard"]
[Black "Inglot, Marian"]
[Result "1-0"]
[WhiteTitle "I"]
[BlackTitle "II"]
[WhiteElo "1704"]
[BlackElo "1410"]

1. e4 e5 2. Bc4 Nf6 3. d3 Bc5 4. Bg5 Nc6 5. c3 O-O 6. Qf3 d6 7. h3 Be6 8. Bb5 Bd7
9. Ne2 a6 10. Bc4 b5 11. Bd5 Rb8 12. Ng3 h6 13. Bxf6 Qxf6 14. Qxf6 gxf6 15. Nh5
b4 16. Nxf6+ Kg7 17. Nxd7 bxc3 18. bxc3 Rb2 19. Nxc5 dxc5 20. Bxc6 Rfb8 21. O-O
Rd8 22. Rd1 Rd6 23. Bd5 Rf6 24. f3 Rg6 25. Rd2 Rbb6 26. Na3 Rbf6 27. Kf2 1-0

[Event "Druzynowe Mistrzostwa Polski Niewidomych i Slabowidzacych w Szachach"]
[Site "Wielspin Wagrowiec"]
[Date "1899-12-30"]
[Round "4.13"]
[White "Bialas, Stanislaw"]
[Black "Pawlik, Tomasz"]
[Result "0-1"]
[WhiteTitle "II"]
[BlackTitle "II+"]
[WhiteElo "1465"]
[BlackElo "1658"]

1. e4 e5 2. c3 Nf6 3. d3 Nc6 4. Nf3 Be7 5. h3 O-O 6. Be3 d5 7. exd5 Nxd5 8. Qe2
Re8 9. Nbd2 f5 10. g3 f4 11. Bg2 fxe3 12. fxe3 Bc5 13. O-O Nxe3 14. Kh2 Nxf1+
15. Rxf1 Bf5 16. Ne1 Qd7 17. Be4 Bxe4 18. Nxe4 Be7 19. Qh5 Rf8 20. Rxf8+ Rxf8
21. Qe2 Qf5 22. b4 Nd8 23. Ng2 Qf3 24. Qc2 Ne6 25. Qb3 Qf7 26. a4 Ng5 27. Qc2
Nxe4 28. dxe4 Bg5 29. Qd3 Rd8 30. Qb5 c6 31. Qxe5 Bf6 32. Qc5 Qe6 33. Qe3 Re8
34. Qxa7 Qxe4 35. Qxb7 Bxc3 36. b5 cxb5 37. Qxb5 Be1 0-1

[Event "Druzynowe Mistrzostwa Polski Niewidomych i Slabowidzacych w Szachach"]
[Site "Wielspin Wagrowiec"]
[Date "1899-12-30"]
[Round "4.14"]
[White "Binkowski, Kazimierz"]
[Black "Jagiela, Andrzej"]
[Result "1/2-1/2"]
[WhiteTitle "II"]
[BlackTitle "I"]
[WhiteElo "1567"]
[BlackElo "1737"]

1. c4 e6 2. Nf3 Nf6 3. g3 c6 4. Bg2 d5 5. b3 Be7 6. O-O O-O 7. d4 Nbd7 8. Bf4 Nh5
9. Bc1 Nhf6 10. Ne5 Nxe5 11. dxe5 Nd7 12. f4 Qb6+ 13. Kh1 Rd8 14. Ba3 Bxa3 15.
Nxa3 Qa5 16. Qc1 a6 17. Qb2 b5 18. b4 Qb6 19. c5 Qc7 20. Nc2 a5 21. a3 Bb7 22.
Nd4 Ra6 23. e3 Rda8 24. g4 Qb8 25. Nb3 axb4 26. axb4 Rxa1 27. Rxa1 Rxa1+ 28. Qxa1
Qa8 29. Na5 g6 30. Qd4 Nb8 31. Bh3 Bc8 32. Kg2 Na6 33. Kg3 Bd7 34. Bg2 Nc7 35.
h4 Qc8 36. h5 Qf8 37. g5 gxh5 38. Bf3 Ne8 39. Bxh5 Ng7 40. Bg4 Qc8 41. Qa1 Qa8
42. Nb3 Qxa1 43. Nxa1 Kf8 44. Kf3 Kg8 45. Nb3 Kf8 46. Nd4 Kg8 47. e4 Be8 48. exd5
exd5 49. f5 Bd7 50. Kf4 Kf8 51. e6 fxe6 52. fxe6 Be8 53. Ke5 Ke7 54. Bf5 Nxf5
55. Kxf5 Bg6+ 56. Ke5 Be8 57. Nf5+ Kf8 58. Kd6 Bg6 59. Nd4 Be8 60. Ke5 Ke7 61.
Nf5+ Kf8 62. Kf6 Bg6 63. Nd4 Be8 1/2-1/2

[Event "Druzynowe Mistrzostwa Polski Niewidomych i Slabowidzacych w Szachach"]
[Site "Wielspin Wagrowiec"]
[Date "1899-12-30"]
[Round "4.16"]
[White "Filipiak, Rajmund"]
[Black "Pawelec, Bartosz"]
[Result "0-1"]
[WhiteTitle "II+"]
[BlackTitle "k"]
[WhiteElo "1693"]
[BlackElo "1978"]

1. d4 d5 2. Nf3 Nf6 3. Bf4 c5 4. e3 Qb6 5. b3 Nc6 6. c3 Bf5 7. Bd3 Bxd3 8. Qxd3
e6 9. O-O Be7 10. Nbd2 O-O 11. Ne5 Rfd8 12. Nxc6 bxc6 13. Qe2 Rac8 14. dxc5 Bxc5
15. b4 Be7 16. Rab1 Qb5 17. Qd1 Nd7 18. Qc2 Nb6 19. Ra1 Qa4 20. Qb3 Bf6 21. Rac1
c5 22. g4 c4 23. Qc2 Qd7 24. g5 Be7 25. Nf3 Bd6 26. Kh1 Qb7 27. Kg1 d4 28. Qe2
d3 29. Qd1 Bxf4 30. exf4 Qe4 31. Kh1 Rd5 32. Rg1 Qxf4 33. Rg3 Rf5 34. Kg2 Nd7
35. Qe1 Ne5 36. Nxe5 d2 37. Ng6 dxe1=N+ 38. Rxe1 Qxf2+ 0-1

[Event "Druzynowe Mistrzostwa Polski Niewidomych i Slabowidzacych w Szachach"]
[Site "Wielspin Wagrowiec"]
[Date "1899-12-30"]
[Round "4.17"]
[White "Lipski, Tadeusz"]
[Black "Barnowski, Sylwester"]
[Result "1-0"]
[WhiteTitle "m"]
[BlackTitle "I"]
[WhiteElo "1789"]
[BlackElo "1776"]

1. d4 Nf6 2. Nc3 e6 3. e4 Be7 4. e5 Nd5 5. Nxd5 exd5 6. Qg4 g6 7. Bh6 d6 8. Qg3
Nc6 9. O-O-O Be6 10. f4 Qd7 11. Nf3 dxe5 12. fxe5 O-O-O 13. Ng5 Bf8 14. Bxf8 Rdxf8
15. Nxe6 fxe6 16. Be2 Rf7 17. c3 Rhf8 18. h4 Ne7 19. h5 Nf5 20. Qd3 g5 21. h6
Rg8 22. Rdf1 Nh4 23. Bh5 Rf5 24. Bg4 Rxf1+ 25. Qxf1 Qe7 26. g3 Rf8 27. Bxe6+ Kd8
28. Qh3 Ng6 29. Bxd5 c5 30. Be4 cxd4 31. Bxg6 hxg6 32. h7 Rh8 33. cxd4 Qc7+ 34.
Kb1 Qc4 35. Qg4 Qd3+ 36. Ka1 Rxh7 37. Qxg5+ Re7 38. Qc1 Qxg3 39. a3 Qg2 40. Rg1
Qe4 41. Qc5 b6 42. Qd6+ Rd7 43. Qf8+ Kc7 44. Rc1+ 1-0

[Event "Druzynowe Mistrzostwa Polski Niewidomych i Slabowidzacych w Szachach"]
[Site "Wielspin Wagrowiec"]
[Date "1899-12-30"]
[Round "4.18"]
[White "Traczyk, Tadeusz"]
[Black "Wojcieszyn, Zdzislaw"]
[Result "0-1"]
[WhiteTitle "I"]
[BlackTitle "k"]
[WhiteElo "1811"]
[BlackElo "1904"]

1. e4 c5 2. Nf3 Nc6 3. d4 cxd4 4. Nxd4 d6 5. Nc3 g6 6. Be3 Bg7 7. Qd2 Bd7 8. h3
a6 9. Be2 Rc8 10. O-O Nf6 11. Rad1 O-O 12. Kh1 Ne5 13. f4 Nc4 14. Bxc4 Rxc4 15.
b3 Rc8 16. Rf3 Qc7 17. Bf2 b5 18. Qe1 e5 19. fxe5 dxe5 20. Nde2 b4 21. Nd5 Nxd5
22. Rxd5 Bc6 23. Rc5 Qb7 24. Ng3 f5 25. Rxc6 Rxc6 26. exf5 Rxc2 27. Qd1 Rfc8 28.
Qd6 Qc6 29. Qxc6 R8xc6 30. fxg6 0-1

[Event "Druzynowe Mistrzostwa Polski Niewidomych i Slabowidzacych w Szachach"]
[Site "Wielspin Wagrowiec"]
[Date "1899-12-30"]
[Round "5.2"]
[White "Zelajtys, Jozef"]
[Black "Lipski, Tadeusz"]
[Result "1/2-1/2"]
[WhiteTitle "I"]
[BlackTitle "m"]
[WhiteElo "1704"]
[BlackElo "1789"]

1. e4 e5 2. Nf3 d5 3. d4 exd4 4. Qxd4 Nc6 5. Bb5 Bd7 6. Bxc6 Bxc6 7. e5 Qe7 8.
O-O Qc5 9. c3 Bb5 10. Re1 Qc6 11. Be3 Ne7 12. Nbd2 Nf5 13. Qf4 Nxe3 14. Rxe3 Bc5
15. Nd4 Bxd4 16. Qxd4 a5 17. Rae1 O-O 18. f4 Qd7 19. Rg3 Qf5 20. Nf3 Kh8 21. Kh1
Kg8 22. Kg1 Kh8 23. Kh1 Kg8 1/2-1/2

[Event "Druzynowe Mistrzostwa Polski Niewidomych i Slabowidzacych w Szachach"]
[Site "Wielspin Wagrowiec"]
[Date "1899-12-30"]
[Round "5.3"]
[White "Wojcieszyn, Zdzislaw"]
[Black "Kaciotys, Mieczyslaw"]
[Result "1-0"]
[WhiteTitle "k"]
[BlackTitle "II+"]
[WhiteElo "1904"]
[BlackElo "1668"]

1. c4 c6 2. d4 Nf6 3. Nc3 d6 4. Nf3 g6 5. h3 Bg7 6. e4 Nbd7 7. Bf4 Qb6 8. Qd2 O-O
9. Be2 Nh5 10. Be3 Qa5 11. g4 Nhf6 12. O-O a6 13. Rfc1 b5 14. cxb5 cxb5 15. e5
Ne8 16. Nd5 Qd8 17. Bg5 f6 18. exf6 Nexf6 19. Nc7 Ne4 20. Qe3 Bb7 21. Nxa8 Bxa8
22. Bh4 h6 23. Ne1 g5 24. f3 Nef6 25. Bg3 Qb6 26. Bf2 Nd5 27. Qe6+ Kh8 28. Qxd7
Bxd4 29. Nd3 Bxf2+ 30. Nxf2 Nf4 31. Bf1 Nxh3+ 32. Bxh3 Rxf3 33. Rc8+ Kg7 34. Qxe7+
Rf7 35. Qe2 Qb7 36. Rac1 1-0

[Event "Druzynowe Mistrzostwa Polski Niewidomych i Slabowidzacych w Szachach"]
[Site "Wielspin Wagrowiec"]
[Date "1899-12-30"]
[Round "5.4"]
[White "Inglot, Marian"]
[Black "Filipiak, Rajmund"]
[Result "0-1"]
[WhiteTitle "II"]
[BlackTitle "II+"]
[WhiteElo "1410"]
[BlackElo "1693"]

1. e4 c6 2. Nf3 d5 3. Bd3 dxe4 4. Bxe4 Nf6 5. Nc3 Bg4 6. Qe2 e6 7. h3 Bh5 8. g4
Bg6 9. d3 Na6 10. Bg5 Be7 11. O-O-O Qa5 12. Kb1 O-O-O 13. Qe3 Nc5 14. Ne5 Ncxe4
15. dxe4 Qxe5 16. Qxa7 Qb8 17. Qa4 Rxd1+ 18. Rxd1 Rd8 19. e5 Rxd1+ 20. Nxd1 Nd5
21. Bxe7 Nxe7 22. Qa3 Kd7 23. f4 Nd5 0-1

[Event "Druzynowe Mistrzostwa Polski Niewidomych i Slabowidzacych w Szachach"]
[Site "Wielspin Wagrowiec"]
[Date "1899-12-30"]
[Round "5.5"]
[White "Barnowski, Sylwester"]
[Black "Bialas, Stanislaw"]
[Result "1-0"]
[WhiteTitle "I"]
[BlackTitle "II"]
[WhiteElo "1776"]
[BlackElo "1465"]

1. e4 e5 2. d4 exd4 3. Qxd4 Nc6 4. Qe3 d6 5. Bd2 Be7 6. Nc3 Nf6 7. Bc4 O-O 8. h3
Ne5 9. Be2 c6 10. f4 Ned7 11. O-O-O Qb6 12. g4 Qxe3 13. Bxe3 Nb6 14. g5 Ne8 15.
f5 f6 16. h4 Nc7 17. a4 d5 18. a5 Nd7 19. Nf3 b6 20. exd5 cxd5 21. Nxd5 Nxd5 22.
Rxd5 Rd8 23. Bc4 Kh8 24. a6 Nc5 25. Rxd8+ Bxd8 26. Bd5 Nxa6 27. Bxa8 Bxf5 28.
gxf6 Bxf6 29. Bd4 Bxd4 30. Nxd4 Bd7 31. Rf1 h5 32. Rf8+ Kh7 33. Be4+ Kh6 1-0

[Event "Druzynowe Mistrzostwa Polski Niewidomych i Slabowidzacych w Szachach"]
[Site "Wielspin Wagrowiec"]
[Date "1899-12-30"]
[Round "5.6"]
[White "Jagiela, Andrzej"]
[Black "Traczyk, Tadeusz"]
[Result "1/2-1/2"]
[WhiteTitle "I"]
[BlackTitle "I"]
[WhiteElo "1737"]
[BlackElo "1811"]

1. e4 c5 2. Nf3 Nc6 3. d4 cxd4 4. Nxd4 Nf6 5. Nxc6 bxc6 6. Bd3 e5 7. O-O Bc5 8.
Nc3 h6 9. Na4 Be7 10. h3 O-O 11. Nc3 d5 12. exd5 cxd5 13. Re1 e4 14. Bf1 Bc5 15.
Na4 Bd6 16. Nc3 Qc7 17. Be3 Nd7 18. Nb5 Qb8 19. Nxd6 Qxd6 20. Bd4 Bb7 21. Re3
Qe6 22. Rg3 f6 23. Qd2 Kh8 24. Be2 Ne5 25. Qb4 Rf7 1/2-1/2

[Event "Druzynowe Mistrzostwa Polski Niewidomych i Slabowidzacych w Szachach"]
[Site "Wielspin Wagrowiec"]
[Date "1899-12-30"]
[Round "5.7"]
[White "Golebiowska-fryga, Barbara"]
[Black "Jagiela, Elzbieta"]
[Result "0-1"]
[WhiteTitle "II"]
[BlackTitle "II"]
[WhiteElo "1263"]
[BlackElo "1412"]

1. d4 d5 2. Nf3 Nc6 3. Nc3 Nf6 4. Bf4 Bf5 5. a3 a6 6. e3 e6 7. Bd3 Bxd3 8. Qxd3
Bd6 9. Bxd6 Qxd6 10. h3 h6 11. b4 O-O 12. O-O Rfe8 13. Rfe1 b5 14. Rab1 Ne7 15.
Ne5 Nc6 16. Nxc6 Qxc6 17. Ne2 Qd6 18. c3 c6 19. Qd1 Qc7 20. Rc1 Ne4 21. f4 f5
22. Kh1 Nf2+ 23. Kg1 Nxd1 24. Rexd1 Kh8 25. Ng3 g5 26. Rf1 Rg8 27. Nh5 Qf7 28.
Ng3 gxf4 29. Rxf4 Rxg3 0-1

[Event "Druzynowe Mistrzostwa Polski Niewidomych i Slabowidzacych w Szachach"]
[Site "Wielspin Wagrowiec"]
[Date "1899-12-30"]
[Round "5.8"]
[White "Ruszczycki, Jacek"]
[Black "Grzywacz, Ryszard"]
[Result "1-0"]
[WhiteTitle "k"]
[BlackTitle "I"]
[WhiteElo "1859"]
[BlackElo "1704"]

1. e4 e5 2. Nc3 Bc5 3. Bc4 Nf6 4. d3 h6 5. h3 d6 6. Na4 Nbd7 7. Nxc5 Nxc5 8. Be3
Ne6 9. Qd2 c6 10. Nf3 b5 11. Bb3 a5 12. a4 b4 13. c3 c5 14. O-O Nh5 15. Bc4 Bd7
16. d4 bxc3 17. bxc3 cxd4 18. cxd4 Rc8 19. Ba6 Ra8 20. Bb7 Rb8 21. Bd5 Nef4 22.
dxe5 dxe5 23. Nxe5 Nxd5 24. Qxd5 Be6 25. Qc5 Rc8 26. Qb5+ Kf8 27. Nc6 Qd7 28.
Nxa5 Bxh3 29. Qxh5 Bg4 30. Qd5 Qe8 31. Rfc1 Rd8 32. Qc6 Bd7 33. Qd6+ Kg8 34. Rc4
Rc8 35. Qd4 Rd8 36. Rd1 Kh7 37. Nb7 Rc8 38. Rxc8 Bxc8 39. Nd6 Qe7 40. Nxc8 Rxc8
41. Qd7 Re8 42. Qxe7 Rxe7 43. a5 Rxe4 44. a6 Ra4 45. a7 Kg6 46. Rd8 f5 47. a8=Q
1-0

[Event "Druzynowe Mistrzostwa Polski Niewidomych i Slabowidzacych w Szachach"]
[Site "Wielspin Wagrowiec"]
[Date "1899-12-30"]
[Round "5.9"]
[White "Pawlik, Tomasz"]
[Black "Wodas, Pawel"]
[Result "0-1"]
[WhiteTitle "II+"]
[BlackTitle "I"]
[WhiteElo "1658"]
[BlackElo "1793"]

1. e4 c5 2. Nf3 e6 3. d4 cxd4 4. Nxd4 a6 5. g3 Qc7 6. Bg2 Nf6 7. O-O Be7 8. Nc3
d6 9. Be3 Bd7 10. a4 h6 11. Qe2 O-O 12. f4 Nc6 13. e5 dxe5 14. Nxc6 Bxc6 15. Bxc6
bxc6 16. fxe5 Qxe5 17. Qf3 Nd5 18. Bd2 Qd4+ 19. Qf2 Qg4 20. Qg2 Qg6 21. Ne4 c5
22. c4 Nf6 23. Rf4 Rad8 24. Bc3 Nd7 25. Raf1 f5 26. Nd2 Bf6 27. Bxf6 Qxf6 28.
Ne4 Qd4+ 29. Nf2 Qxb2 30. Qc6 Qb6 31. Qf3 Ne5 32. Qe2 Ng6 33. Rf3 Qd6 34. Rd3
Qe5 35. Qd2 Rd4 36. Re1 Qd6 37. Qe2 e5 38. Re3 Rd2 39. Qh5 Qf6 40. Rf3 Qg5 41.
Qxg5 hxg5 42. Rd3 Rd8 43. Ree3 Rd4 44. Rxd2 Rxd2 45. Rd3 Rc2 46. Rd6 Kh7 47. Rxa6
Rxc4 48. Ra8 e4 49. a5 0-1

[Event "Druzynowe Mistrzostwa Polski Niewidomych i Slabowidzacych w Szachach"]
[Site "Wielspin Wagrowiec"]
[Date "1899-12-30"]
[Round "5.10"]
[White "Kopiec, Miroslaw"]
[Black "Czarnecki, Zbigniew"]
[Result "1-0"]
[WhiteTitle "II+"]
[BlackTitle "II"]
[WhiteElo "1705"]
[BlackElo "1299"]

1. e4 e5 2. Nf3 Nc6 3. Bb5 a6 4. Ba4 Nf6 5. d3 d6 6. Nc3 Be7 7. Nd5 Bd7 8. Nxe7
Nxe7 9. Bb3 h6 10. h3 c5 11. Be3 Bc6 12. O-O Ng6 13. c3 O-O 14. Qd2 Kh7 15. Kh2
d5 16. Bxc5 Re8 17. Qe3 dxe4 18. dxe4 Bxe4 19. Bxf7 Re6 20. Bxe6 1-0

[Event "Druzynowe Mistrzostwa Polski Niewidomych i Slabowidzacych w Szachach"]
[Site "Wielspin Wagrowiec"]
[Date "1899-12-30"]
[Round "5.11"]
[White "Chojnowski, Marcin"]
[Black "Stachanczyk, Jacek"]
[Result "1/2-1/2"]
[WhiteTitle "k+"]
[BlackTitle "IM"]
[WhiteElo "2066"]
[BlackElo "2188"]

1. e4 c5 2. Nf3 d6 3. c3 Nf6 4. Be2 Bd7 5. Qc2 Qc7 6. O-O g6 7. d4 cxd4 8. Nxd4
Bg7 9. Na3 O-O 10. f3 e5 11. Nb3 d5 12. Bg5 Bc6 13. Bxf6 Bxf6 14. Kh1 Be7 15.
exd5 Bxd5 16. Nb5 Qb6 17. Rfd1 Be6 18. c4 Nc6 19. a3 Rad8 20. Nc3 Bf5 21. Ne4
Qe3 22. Rd5 Be6 23. Rdd1 a6 24. Bf1 Rxd1 25. Rxd1 Rd8 26. Rxd8+ Bxd8 27. Qd3 Qxd3
28. Bxd3 Be7 29. Kg1 f5 30. Nc3 Kf7 31. Kf2 Bd8 32. Ke2 Ne7 33. Nc5 Bc8 34. Bc2
Bb6 35. Nd3 Kf6 36. c5 Bc7 37. Bb3 Be6 38. Bxe6 Kxe6 39. b4 Nd5 40. Nd1 Bd8 41.
N1b2 b5 42. cxb6 Bxb6 1/2-1/2

[Event "Druzynowe Mistrzostwa Polski Niewidomych i Slabowidzacych w Szachach"]
[Site "Wielspin Wagrowiec"]
[Date "1899-12-30"]
[Round "5.12"]
[White "Dukaczewski, Piotr"]
[Black "Suder, Ryszard"]
[Result "1/2-1/2"]
[WhiteTitle "IM"]
[BlackTitle "k+"]
[WhiteElo "2229"]
[BlackElo "2053"]

1. e4 Nf6 2. e5 Nd5 3. d4 d6 4. c4 Nb6 5. exd6 cxd6 6. Nc3 g6 7. Be3 Bg7 8. Rc1
O-O 9. b3 Bf5 10. Be2 d5 11. c5 Nc8 12. Bf3 e6 13. g4 Be4 14. Nxe4 dxe4 15. Bxe4
Nc6 16. Ne2 N8e7 17. Qd2 f5 18. gxf5 Nxf5 19. d5 Ne5 20. Bg5 Bf6 21. Bxf6 Qxf6
22. O-O Qh4 23. f3 Qh3 24. Nf4 Qh6 25. Rcd1 Nh4 26. Nxe6 Qxd2 27. Rxd2 Nhxf3+
28. Bxf3 Nxf3+ 29. Rxf3 Rxf3 30. d6 Re3 31. Nc7 Rd8 32. Kf2 Re5 33. b4 Rd7 34.
Kg3 Kg7 35. Nb5 a6 36. Nd4 Rf7 37. Rd3 Rg5+ 38. Kh4 Rg2 39. Nf3 Rd7 40. a4 Rc2
41. Kg3 Kf6 42. Rd4 g5 43. Rd5 h6 44. b5 Rc3 45. Kf2 Ke6 46. Re5+ Kf6 47. Rd5
Ke6 48. Re5+ 1/2-1/2

[Event "Druzynowe Mistrzostwa Polski Niewidomych i Slabowidzacych w Szachach"]
[Site "Wielspin Wagrowiec"]
[Date "1899-12-30"]
[Round "5.13"]
[White "Zoltek, Tadeusz"]
[Black "Wolanski, Michal"]
[Result "1/2-1/2"]
[WhiteTitle "FM"]
[BlackTitle "I++"]
[WhiteElo "2095"]
[BlackElo "1876"]

1. Nf3 Nf6 2. c4 g6 3. Nc3 c5 4. g3 Nc6 5. Bg2 Bg7 6. O-O O-O 7. d3 d6 8. Rb1 Rb8
9. a3 a6 10. b4 cxb4 11. axb4 b5 12. cxb5 axb5 13. Bf4 Bf5 14. Qd2 Qd7 15. Bh6
Bh3 16. Bxg7 Kxg7 17. Rfc1 Bxg2 18. Kxg2 Rfc8 19. Qb2 Kg8 20. Qd2 Kg7 21. Qb2
Kg8 22. Qd2 Kg7 1/2-1/2

[Event "Druzynowe Mistrzostwa Polski Niewidomych i Slabowidzacych w Szachach"]
[Site "Wielspin Wagrowiec"]
[Date "1899-12-30"]
[Round "5.14"]
[White "Debowska, Teresa"]
[Black "Malcer, Joanna"]
[Result "1-0"]
[WhiteTitle "WFM"]
[BlackTitle "I"]
[WhiteElo "1721"]
[BlackElo "1538"]

1. e4 d6 2. d4 Nf6 3. Bd3 e5 4. d5 Be7 5. h3 c6 6. c4 c5 7. Nc3 Bd7 8. a3 a5 9.
Nge2 O-O 10. Ng3 Na6 11. Nf5 Nc7 12. O-O Re8 13. Nxe7+ Qxe7 14. Bg5 Rec8 15. Na4
Bxa4 16. Qxa4 Qd7 17. Qd1 Nce8 18. b3 h6 19. Be3 b6 20. Qe2 Qe7 21. Bc2 Nh7 22.
Qg4 Nef6 23. Qh4 Re8 24. Bd2 Nd7 25. Qg3 Kh8 26. f4 f6 27. h4 Rf8 28. f5 Qf7 29.
Qg6 Qe7 30. Bd1 Rg8 31. Bh5 Rab8 32. Qg3 Nhf8 33. Bg6 Nxg6 34. Qxg6 Nf8 35. Qh5
Qe8 36. Qf3 Nh7 37. b4 a4 38. Kf2 Qf7 39. Rg1 Qf8 40. Qd1 Qe8 41. g4 Qe7 42. Qxa4
Ra8 43. Qb3 Qa7 44. a4 Qb7 45. b5 Qa7 46. a5 bxa5 47. Bxa5 g6 48. fxg6 Rxg6 49.
Qf3 h5 50. gxh5 Rxg1 51. Kxg1 Qb8 52. Qf1 Qg8+ 53. Kh2 Qg4 54. Qf2 Qxe4 1-0

[Event "Druzynowe Mistrzostwa Polski Niewidomych i Slabowidzacych w Szachach"]
[Site "Wielspin Wagrowiec"]
[Date "1899-12-30"]
[Round "5.15"]
[White "Kowalczyk, Marian"]
[Black "Sargalski, Andrzej"]
[Result "1/2-1/2"]
[WhiteTitle "I++"]
[BlackTitle "I++"]
[WhiteElo "1946"]
[BlackElo "1840"]

1. e4 d5 2. exd5 Nf6 3. c4 c6 4. d4 cxd5 5. Nc3 e6 6. Nf3 Nc6 7. Bg5 Be7 8. Bd3
h6 9. Bh4 Nb4 10. Be2 O-O 11. a3 Nc6 12. O-O a6 13. c5 Ne4 14. Bxe7 Qxe7 15. Qc2
f5 16. Rad1 g5 17. b4 Qf6 18. Qd3 Bd7 19. Ne1 Be8 20. f3 Nxc3 21. Qxc3 Rd8 22.
f4 g4 23. Nc2 h5 24. a4 Na7 25. Qb3 Rc8 26. b5 a5 27. Qc3 Qd8 28. Bd3 Rf6 29.
Qe1 Rg6 30. Qe5 Qd7 31. Rfe1 Bf7 1/2-1/2

[Event "Druzynowe Mistrzostwa Polski Niewidomych i Slabowidzacych w Szachach"]
[Site "Wielspin Wagrowiec"]
[Date "1899-12-30"]
[Round "5.16"]
[White "Wyrzykowski, Jozef"]
[Black "Niecko, Stanislaw"]
[Result "0-1"]
[WhiteTitle "I"]
[BlackTitle "I+"]
[WhiteElo "1642"]
[BlackElo "1795"]

1. c4 c6 2. Nc3 d5 3. cxd5 cxd5 4. d4 Nc6 5. e3 Nf6 6. Nf3 Bg4 7. Be2 e6 8. h3
Bh5 9. Ne5 Bxe2 10. Nxc6 Bxd1 11. Nxd8 Rxd8 12. Nxd1 Ne4 13. O-O Rc8 14. a3 Bd6
15. f3 Ng3 16. Rf2 Rc6 17. Nc3 Nf5 18. Bd2 O-O 19. Rc1 Rfc8 20. Rff1 Ng3 21. Rfe1
f5 22. f4 a6 23. Kf2 Ne4+ 24. Nxe4 fxe4 25. Rxc6 Rxc6 26. Rc1 Rxc1 27. Bxc1 Kf7
28. g4 g6 29. g5 Ke7 30. Bd2 Kd7 31. Kg3 Kc6 32. Kg4 Kb5 33. Kg3 Kc4 34. Kf2 Kb3
35. Bc3 Bxa3 36. Ke2 Bxb2 37. Ba5 Bc3 38. Bb6 a5 39. Kd1 a4 40. Kc1 a3 0-1

[Event "Druzynowe Mistrzostwa Polski Niewidomych i Slabowidzacych w Szachach"]
[Site "Wielspin Wagrowiec"]
[Date "1899-12-30"]
[Round "5.17"]
[White "Pociejowski, Marek"]
[Black "Skiera, Edward"]
[Result "1-0"]
[WhiteTitle "I++"]
[BlackTitle "II"]
[WhiteElo "1886"]
[BlackElo "1442"]

1. d4 d5 2. c4 Nf6 3. cxd5 Nxd5 4. e4 Nf6 5. Nc3 e6 6. Nf3 Be7 7. Bd3 Nbd7 8. O-O
O-O 9. h3 c5 10. Be3 cxd4 11. Nxd4 Ne5 12. Be2 Bd7 13. f4 Nc6 14. Nf3 h6 15. e5
Nh7 16. Qc2 f5 17. Rfd1 Qe8 18. a3 a6 19. Bc4 Rd8 20. Qb3 Bc8 21. Bxe6+ Bxe6 22.
Qxe6+ Qf7 23. Qxf7+ Kxf7 24. Bb6 Rxd1+ 25. Rxd1 Bd8 26. Bxd8 Rxd8 27. Rxd8 Nxd8
28. Nd4 Nf8 29. Nxf5 Nde6 30. Nd6+ 1-0

[Event "Druzynowe Mistrzostwa Polski Niewidomych i Slabowidzacych w Szachach"]
[Site "Wielspin Wagrowiec"]
[Date "1899-12-30"]
[Round "5.18"]
[White "Spionkowski, Fabian"]
[Black "Stolarczyk, Anna"]
[Result "0-1"]
[WhiteTitle "II"]
[BlackTitle "WCM"]
[WhiteElo "1302"]
[BlackElo "1947"]

1. e4 c5 2. Nf3 d6 3. d4 cxd4 4. Nxd4 Nf6 5. Nc3 a6 6. Bc4 e6 7. Bg5 Be7 8. Qe2
O-O 9. O-O-O Nxe4 10. Bxe7 Nxc3 11. Bxd8 Nxe2+ 12. Nxe2 Rxd8 13. f3 Nc6 14. h4
b5 15. Bb3 a5 16. c3 d5 17. Bc2 Ba6 18. Nd4 Ne5 19. Rde1 Nc4 20. g4 Rdc8 21. g5
b4 22. cxb4 axb4 23. h5 Nd6 24. g6 hxg6 25. hxg6 Bd3 26. gxf7+ Kxf7 27. Rh4 Nf5
28. Rf4 b3 29. axb3 Ra1+ 30. Kd2 Rxe1 31. Kxe1 Bxc2 0-1

[Event "Druzynowe Mistrzostwa Polski Niewidomych i Slabowidzacych w Szachach"]
[Site "Wielspin Wagrowiec"]
[Date "1899-12-30"]
[Round "6.2"]
[White "Wyrzykowski, Jozef"]
[Black "Zelajtys, Jozef"]
[Result "0-1"]
[WhiteTitle "I"]
[BlackTitle "I"]
[WhiteElo "1642"]
[BlackElo "1704"]

1. c4 c5 2. Nc3 Nc6 3. g3 Nf6 4. Bg2 g6 5. b3 Bg7 6. Bb2 O-O 7. d3 d6 8. Nf3 Rb8
9. Rb1 a6 10. Nd2 Ne5 11. O-O b5 12. Nd5 e6 13. Nxf6+ Bxf6 14. f4 Ng4 15. Qc1
Ne3 16. Bxf6 Qxf6 17. Rf3 Qd4 18. Qb2 Bb7 19. Qxd4 cxd4 20. Ne4 Kg7 21. h3 f5
22. Ng5 Rfe8 23. Rxe3 dxe3 24. Nf3 e5 25. Ne1 exf4 26. gxf4 Bxg2 27. Kxg2 Rec8
28. Kf3 bxc4 29. dxc4 Rxc4 30. Rd1 Rc6 31. Kxe3 Re8+ 32. Kd3 Kf6 33. Nc2 Ke7 34.
Nd4 Rc7 35. h4 d5 36. Rg1 Kf6 37. e3 Rec8 38. Ne2 Re8 39. Nc3 Rxc3+ 40. Kxc3 Rxe3+
41. Kd4 Re4+ 42. Kxd5 Rxf4 43. Rh1 a5 44. Rh3 a4 45. Kc5 axb3 46. axb3 h6 47.
b4 Re4 48. b5 Re8 49. b6 f4 50. b7 Kf5 51. Rb3 Rb8 52. Kc6 g5 53. hxg5 hxg5 54.
Kc7 Rxb7+ 55. Kxb7 g4 56. Kc6 Ke4 57. Kc5 g3 58. Rb4+ Ke3 59. Rb3+ Ke4 60. Rb4+
Ke5 61. Rb1 f3 62. Kc4 f2 63. Kd3 g2 64. Ke3 g1=Q 65. Rb5+ Kd6 0-1